000 00853nam a22002777a 4500
001 BR7502566
003 BR-BrBNA
005 20230928084743.0
007 ta
008 230509b bl.||||| |||| 00| 0 por d
040 _aBR-BrBNA
_bpor
_cBiblioteca Nacional de Agricultura
041 _a(Por)
072 _aE10
_b/G514
090 _ E10 BR7502566
110 1 _aMinisterio da Agricultura, Brasilia, DF (Brasil). Inspetoria Geral de Financas
_96816
245 1 _aDemonstrativos da execucao orcamentaria - financeira. 3. trimestre/1975 [Ministerio da Agricultura; Brasil]
260 3 _aBrasilia, DF (Brasil):
_c1975.
300 _a88 p.
500 _aNumerical data
650 _aMacroeconomia
650 _aAdministracao de empresa
650 _aFinanciamento
650 _aOrcamento
909 _a202309
_bLucia
_c55
_dLucia Elande
942 _cBK
999 _c20899
_d20899